Kupilih kejujuran
| Main Author: | |
|---|---|
| Format: | Book |
| Published: |
Petaling Jaya :
Anugerah Publications ,
2010
|
| Series: | Bisikan nuraniku
|
| Subjects: |
MARC
| LEADER | 00000cam a2200000 7i4500 | ||
|---|---|---|---|
| 001 | 0000140408 | ||
| 005 | 20100520.0 | ||
| 020 | |a 9789833567690 | ||
| 090 | 0 | 0 | |a JF |b ZUL |
| 100 | 0 | |a Zul Mahathir Sham Ismail | |
| 245 | 1 | 0 | |a Kupilih kejujuran |c Zul Maahthir Sham Ismail |
| 260 | |a Petaling Jaya : |b Anugerah Publications , |c 2010 | ||
| 300 | |a 54p. ; |c 22cm. | ||
| 490 | 0 | |a Bisikan nuraniku | |
| 650 | 0 | 0 | |a Children's stories, Malay |
| 999 | |a 00233537 |b BUKU |c PINJAMAN |e PERPUSTAKAAN KOMUNITI PETALING JAYA | ||
| 999 | |a 00233538 |b BUKU |c PINJAMAN |e PERPUSTAKAAN KOMUNITI CAW KOTA DAMANSARA | ||